[Event "Eastern Asia-ch U14"]
[Site "Tornelo INT"]
[Date "2021.10.30"]
[Round "6"]
[White "Razaghian, Hosein"]
[Black "Ahmed, Tanveer"]
[Result "0-1"]
[WhiteElo "1809"]
[BlackElo "1249"]
[PlyCount "60"]
[EventDate "2021.10.29"]
[EventType "swiss"]
[EventRounds "9"]
[EventCountry "NET"]
[SourceTitle "EXT 2023"]
[Source "ChessBase"]
[SourceDate "2022.10.05"]
[SourceVersion "1"]
[SourceVersionDate "2022.10.05"]
[SourceQuality "1"]

1. d4 d5 2. c4 e6 3. Nc3 Nf6 4. cxd5 exd5 5. Bg5 Be7 6. e3 Nbd7 7. Bd3 b6 8. Nf3 Bb7 9. h3 0-0 10. 0-0 Ne4 11. Bxe7 Qxe7 12. Qb3 Ndf6 13. Rac1 Rac8 14. Rfd1 Rfe8 15. Ne5 c5 16. Bxe4 Nxe4 17. Nxd5 Qh4 18. g3 Nxg3 19. Nf4 Rf8 20. fxg3 Qxg3+ 21. Kf1 Ba6+ 22. Nc4 g5 23. Nh5 Qxh3+ 24. Kf2 Qh2+ 25. Kf3 Qxh5+ 26. Ke4 Qe2 27. Nd6 Qg4+ 28. Ke5 Rfe8+ 29. Nxe8 Rxe8+ 30. Kd5 Qe6# 0-1

[Event "Eastern Asia-ch U14"]
[Site "Tornelo INT"]
[Date "2021.10.29"]
[Round "2"]
[White "Aggarwal, Riyan"]
[Black "Razaghian, Hosein"]
[Result "0-1"]
[WhiteElo "1167"]
[BlackElo "1809"]
[PlyCount "68"]
[EventDate "2021.10.29"]
[EventType "swiss"]
[EventRounds "9"]
[EventCountry "NET"]
[SourceTitle "EXT 2023"]
[Source "ChessBase"]
[SourceDate "2022.10.05"]
[SourceVersion "1"]
[SourceVersionDate "2022.10.05"]
[SourceQuality "1"]

1. d4 d5 2. e3 c5 3. c3 Nf6 4. Bd3 cxd4 5. exd4 Nc6 6. Nf3 Bg4 7. 0-0 e6 8. Nbd2 Bd6 9. Qc2 Qc7 10. Re1 0-0 11. h3 Bh5 12. Be2 Bg6 13. Bd3 b5 14. a3 a5 15. Nb3 b4 16. axb4 axb4 17. Bd2 bxc3 18. bxc3 Ne4 19. Nh4 Nxf2 20. Nxg6 fxg6 21. Rxa8 Bh2+ 22. Kf1 Rxa8 23. Rxe6 Nxd3 24. Qxd3 Qf7+ 25. Qf3 Qxe6 26. Nc5 Ra1+ 27. Kf2 Qf6 28. Nb3 Qxf3+ 29. Kxf3 Rb1 30. Nc5 Rb2 31. Be1 Bd6 32. Ne6 h6 33. Nf4 Bxf4 34. Kxf4 Rxg2 0-1

[Event "IRI-ch Online"]
[Site "Chess.com INT"]
[Date "2021.03.17"]
[Round "7"]
[White "Razaghian, Hosein"]
[Black "Fathi, Hamed"]
[Result "0-1"]
[WhiteElo "1809"]
[BlackElo "1485"]
[PlyCount "66"]
[EventDate "2021.03.15"]
[EventType "swiss (rapid)"]
[EventRounds "11"]
[EventCountry "IRI"]
[SourceTitle "CBM 201 Extra"]
[Source "ChessBase"]
[SourceDate "2021.05.31"]
[SourceVersion "1"]
[SourceVersionDate "2021.05.31"]
[SourceQuality "1"]

1. d4 Nf6 2. c4 e6 3. Nc3 Bb4 4. Qc2 d5 5. cxd5 exd5 6. Bg5 c6 7. e3 Nbd7 8. Bd3 h6 9. Bf4 0-0 10. Nf3 Re8 11. h3 Nf8 12. 0-0-0 Qa5 13. a3 Bxc3 14. Qxc3 Qxc3+ 15. bxc3 Ng6 16. Bh2 Ne4 17. Kb2 Nxf2 18. Ne5 Nxe5 19. Bxe5 Nxh1 20. Rxh1 f6 21. Bf4 g5 22. Bd6 Rxe3 23. Kc2 Bd7 24. Rf1 Kg7 25. Rb1 b5 26. a4 Rxd3 27. axb5 Bf5 28. bxc6 Rxc3+ 29. Kxc3 Bxb1 30. c7 Rc8 31. Kb4 Kf7 32. Ka5 Ke6 33. Ka6 Kxd6 0-1

[Event "IRI-ch Online"]
[Site "Chess.com INT"]
[Date "2021.03.17"]
[Round "6"]
[White "Salimiyan, Behzad"]
[Black "Razaghian, Hosein"]
[Result "1/2-1/2"]
[WhiteElo "1503"]
[BlackElo "1809"]
[PlyCount "132"]
[EventDate "2021.03.15"]
[EventType "swiss (rapid)"]
[EventRounds "11"]
[EventCountry "IRI"]
[SourceTitle "CBM 201 Extra"]
[Source "ChessBase"]
[SourceDate "2021.05.31"]
[SourceVersion "1"]
[SourceVersionDate "2021.05.31"]
[SourceQuality "1"]

1. Nf3 d5 2. b3 Bf5 3. Bb2 Nf6 4. g3 e6 5. Bg2 Bd6 6. 0-0 Nbd7 7. c4 c6 8. d3 h6 9. Nbd2 0-0 10. Re1 Bh7 11. e4 dxe4 12. Nxe4 Bc7 13. Nh4 Nxe4 14. dxe4 Nc5 15. Qe2 Bb6 16. Rad1 Qg5 17. b4 Na4 18. Ba1 Bc7 19. Qc2 Nb6 20. c5 Nd5 21. Qb2 Nf6 22. e5 Nd5 23. f4 Qe7 24. Bxd5 cxd5 25. f5 Qg5 26. f6 gxf6 27. exf6 Be4 28. Qd2 Rfc8 29. Qf2 Kh7 30. Bd4 Rg8 31. Ng2 h5 32. Be3 Qg4 33. Bf4 Bxf4 34. Qxf4 Qxf4 35. Nxf4 h4 36. Kf2 Rg4 37. b5 Rc8 38. Rc1 e5 39. Ne2 Rg5 40. Kg1 Bg6 41. Nc3 d4 42. Ne4 Bxe4 43. Rxe4 Rf5 44. Rxh4+ Kg6 45. Kg2 d3 46. Rhc4 e4 47. Rxe4 Rfxc5 48. Rd1 Rc2+ 49. Kg1 Rd8 50. Rb4 d2 51. Rbb1 Rxa2 52. b6 axb6 53. Rxb6 Rc2 54. Rbb1 b5 55. Kf2 Rd5 56. Ke2 Kxf6 57. Rf1+ Kg6 58. Rfd1 Kg5 59. Rb4 f5 60. Rf4 Rc4 61. h4+ Kh5 62. Rxc4 bxc4 63. Rxd2 Re5+ 64. Kf3 c3 65. Rc2 Rc5 66. Kf4 Kg6 1/2-1/2

[Event "IRI-ch Online"]
[Site "Chess.com INT"]
[Date "2021.03.17"]
[Round "8"]
[White "Shahsavari, Mohammad Amin"]
[Black "Razaghian, Hosein"]
[Result "1-0"]
[WhiteElo "1231"]
[BlackElo "1809"]
[PlyCount "51"]
[EventDate "2021.03.15"]
[EventType "swiss (rapid)"]
[EventRounds "11"]
[EventCountry "IRI"]
[SourceTitle "CBM 201 Extra"]
[Source "ChessBase"]
[SourceDate "2021.05.31"]
[SourceVersion "1"]
[SourceVersionDate "2021.05.31"]
[SourceQuality "1"]

1. e4 e6 2. d4 d5 3. exd5 exd5 4. Bd3 Bd6 5. Ne2 Nf6 6. f3 Be6 7. 0-0 Nc6 8. b3 Qd7 9. Bb2 0-0-0 10. c4 g5 11. Nbc3 g4 12. cxd5 Nxd5 13. Nxd5 Bxd5 14. Be4 gxf3 15. Bxf3 Bxf3 16. Rxf3 Rhg8 17. Rc1 Qg4 18. Ng3 f5 19. Qc2 Bf4 20. Rcf1 Nxd4 21. Bxd4 Rxd4 22. Qxf5+ Qxf5 23. Nxf5 Rd2 24. Ne7+ Kd8 25. Nxg8 Be3+ 26. Rxe3 1-0

[Event "IRI-ch U14"]
[Site "Chess.com INT"]
[Date "2021.01.16"]
[Round "11"]
[White "Nezamdoust, Amir Mohammad"]
[Black "Razaghian, Hosein"]
[Result "0-1"]
[WhiteElo "1620"]
[BlackElo "1809"]
[PlyCount "32"]
[EventDate "2021.01.16"]
[EventType "swiss"]
[EventRounds "11"]
[EventCountry "IRI"]
[SourceTitle "EXT 2022"]
[Source "ChessBase"]
[SourceDate "2021.10.06"]
[SourceVersion "1"]
[SourceVersionDate "2021.10.06"]
[SourceQuality "1"]

1. Nf3 d5 2. c4 Nf6 3. g3 c6 4. Bg2 Bf5 5. 0-0 e6 6. cxd5 cxd5 7. Qb3 Qd7 8. Ne5 Qc7 9. d3 Bd6 10. Bf4 Na6 11. Rc1 Qa5 12. Nc3 0-0 13. Qb5 Qxb5 14. Nxb5 Bxe5 15. Nc3 Bxf4 16. Nb5 Bxc1 0-1

[Event "IRI-ch U14"]
[Site "Chess.com INT"]
[Date "2021.01.16"]
[Round "10"]
[White "Razaghian, Hosein"]
[Black "Sotoude Nia, Mahdiar"]
[Result "1-0"]
[WhiteElo "1809"]
[BlackElo "1443"]
[PlyCount "149"]
[EventDate "2021.01.16"]
[EventType "swiss"]
[EventRounds "11"]
[EventCountry "IRI"]
[SourceTitle "EXT 2022"]
[Source "ChessBase"]
[SourceDate "2021.10.06"]
[SourceVersion "1"]
[SourceVersionDate "2021.10.06"]
[SourceQuality "1"]

1. d4 d5 2. c4 Nf6 3. cxd5 Nxd5 4. e4 Nf6 5. Nc3 g6 6. Bc4 Bg7 7. e5 Nfd7 8. Nf3 Nb6 9. Bb3 0-0 10. 0-0 Bg4 11. Be3 Nc6 12. Qd2 Bxf3 13. gxf3 e6 14. Rad1 Nb4 15. Bg5 Qd7 16. Ne4 N4d5 17. a4 a5 18. Nc5 Qc8 19. h4 h5 20. Kh2 Nd7 21. Ne4 b6 22. Bh6 Qd8 23. Kh3 Ne7 24. Bxg7 Kxg7 25. Ng5 Nd5 26. Bxd5 exd5 27. e6 Nb8 28. Nxf7 Rxf7 29. exf7 Kxf7 30. Qf4+ Kg7 31. Rde1 Nd7 32. Re6 Qf8 33. Qxf8+ Nxf8 34. Re7+ Kf6 35. Rxc7 Ne6 36. Rc6 Kf5 37. Rxb6 Nf4+ 38. Kh2 Rd8 39. Re1 Rc8 40. Re7 Rf8 41. Rc7 Ne6 42. Rcc6 Nxd4 43. Rxg6 Nxf3+ 44. Kg3 Ne5 45. Rg5+ Ke4 46. Re6 Rf3+ 47. Kg2 Rf4 48. Rexe5+ Kd3 49. Rxd5+ Ke2 50. Rde5+ Kd3 51. Rxh5 Kc2 52. Rxa5 Kxb2 53. Kg3 Rf8 54. f4 Rg8+ 55. Rhg5 Rc8 56. Rab5+ Ka3 57. a5 Rc3+ 58. Kg4 Rc1 59. a6 Rg1+ 60. Kh5 Rc1 61. a7 Rc8 62. Ra5+ Kb4 63. a8Q Rc7 64. Qb8+ Kc3 65. Qxc7+ Kd3 66. Ra3+ Ke2 67. Qe5+ Kf1 68. Ra1+ Kf2 69. Qe1+ Kf3 70. Rg3+ Kxf4 71. Ra4+ Kf5 72. Rg5+ Kf6 73. Ra6+ Kf7 74. Qe6+ Kf8 75. Ra8# 1-0